| 000 | 00510nam a2200133Ia 4500 | ||
|---|---|---|---|
| 008 | 220216s9999 xx 000 0 und d | ||
| 100 | _aGireesh T | ||
| 245 | 0 | _aPerformance of RRII 400 series clones in a small holding: A case study | |
| 260 | _bIRC 2012. International Rubber Conference, 28-31 October 2012, Kovalam, India, Rubber Research Institute of India, Kottayam and IRRDB, Malaysia: Abstracts. pp.57. | ||
| 650 | _aClone performance | ||
| 650 | _aSmall holdings | ||
| 700 | _aMydin K K | ||
| 942 | _cBS | ||
| 999 |
_c49573 _d49573 |
||